000 00323nam a2200133Ia 4500
008 191201s1980 xx 000 0 und d
100 _aO' CONNOR, J D
245 0 _aBetter English Pronunciation
250 _a2nd
260 _aN.Delhi
_bCambridge Universty Press
_c1980
300 _a150
650 _aMBA
942 _2ddc
_cBK
999 _c3292
_d3292